000 00677nam a2200241Ia 4500
003 OSt
005 20220926012007.0
006 a|||||r|||| 00| 0
007 ta
008 220923b |||||||| |||| 00| 0 eng d
037 _cGeneral Book
040 _aRTL
_cRTL
_beng
041 _2eng
_aeng
082 _aY4, L2
100 _aRitzer George
_920860
245 0 _aMan and his work
_b Conflict and change
260 _aNew York
_bAppletion- Century- Crofts
_c1972
300 _axi, 413p
_ccm.
500 _aBibliography: P 363-96
650 _aOccupational Sociology
_9230967
942 _hY4, L2
_cGB
_2CC
999 _c621452
_d621452